The spaceflight vault : (Record no. 8113)

MARC details
000 -LEADER
fixed length control field 02202cam a22003737a 4500
001 - CONTROL NUMBER
control field 8113
003 - CONTROL NUMBER IDENTIFIER
control field FISKH
005 - DATE AND TIME OF LATEST TRANSACTION
control field 20250827085934.0
008 - FIXED-LENGTH DATA ELEMENTS--GENERAL INFORMATION
fixed length control field 101220s2010 gauac b 000 0 eng d
010 ## - LIBRARY OF CONGRESS CONTROL NUMBER
LC control number 2010284374
020 ## - INTERNATIONAL STANDARD BOOK NUMBER
International Standard Book Number 0794830463
020 ## - INTERNATIONAL STANDARD BOOK NUMBER
International Standard Book Number 9780794830465
020 ## - INTERNATIONAL STANDARD BOOK NUMBER
International Standard Book Number 9780794830465
035 ## - SYSTEM CONTROL NUMBER
System control number (OCoLC)635524479
040 ## - CATALOGING SOURCE
Original cataloging agency MUSFL
Language of cataloging eng
Transcribing agency MUSFL
Modifying agency DLC
050 00 - LIBRARY OF CONGRESS CALL NUMBER
Classification number TL789.8.U5
Item number M394 2010
082 ## - DEWEY DECIMAL CLASSIFICATION NUMBER
Classification number 629.45
100 1# - MAIN ENTRY--PERSONAL NAME
Personal name Mayfield, Mark.
245 14 - TITLE STATEMENT
Title The spaceflight vault :
Remainder of title a history of NASA's manned missions /
Statement of responsibility, etc. by Mark Mayfield.
260 ## - PUBLICATION, DISTRIBUTION, ETC.
Place of publication, distribution, etc. Atlanta, GA :
Name of publisher, distributor, etc. Whitman Pub.,
Date of publication, distribution, etc. 2010.
300 ## - PHYSICAL DESCRIPTION
Extent 144 unnumbered pages :
Other physical details color illustrations ;
Dimensions 27 X 32 cm..
336 ## - CONTENT TYPE
Content type term text
Content type code txt
Source rdacontent
337 ## - MEDIA TYPE
Media type term unmediated
Media type code n
Source rdamedia
338 ## - CARRIER TYPE
Carrier type term volume
Carrier type code nc
Source rdacarrier
500 ## - GENERAL NOTE
General note Many pages contain pockets with replica documents and memorabilia.
504 ## - BIBLIOGRAPHY, ETC. NOTE
Bibliography, etc. note Includes bibliographical references (p. 143).
520 ## - SUMMARY, ETC.
Summary, etc. For thousands of years, man has looked to the stars in wonder, but it is only recently that we have been able to travel among them, and The Spaceflight Vault: A History of NASA s Manned Missions traces the extraordinary journey from the early rocketry pioneers to the astronauts of today. Filled with hundreds of photos from the archives at Johnson Space Center, Clark University and private collections, The Spaceflight Vault is a stunning visual history of man s achievements in space. Designed as a treasured scrapbook, the vault also contains replicas of historic memorabilia such as pages from Dr. Robert Goddard s andwritten diary, written tests from the Mercury astronaut selection program, Gemini flight menus, Apollo 7 checklists, media passes from early shuttle launches, front pages from numerous issues of The Johnson Space Center Roundup and much more. No one who has ever dreamed of soaring among the stars should be without this home archive of man s journey into orbit.
610 10 - SUBJECT ADDED ENTRY--CORPORATE NAME
Corporate name or jurisdiction name as entry element United States.
Subordinate unit National Aeronautics and Space Administration
General subdivision History.
650 #0 - SUBJECT ADDED ENTRY--TOPICAL TERM
Topical term or geographic name entry element Space flights.
650 #0 - SUBJECT ADDED ENTRY--TOPICAL TERM
Topical term or geographic name entry element Manned space flight.
906 ## - LOCAL DATA ELEMENT F, LDF (RLIN)
a 7
b cbc
c copycat
d 2
e ncip
f 20
g y-gencatlg
942 ## - ADDED ENTRY ELEMENTS (KOHA)
Source of classification or shelving scheme Dewey Decimal Classification
Koha item type Books
Suppress in OPAC No
Holdings
Withdrawn status Lost status Source of classification or shelving scheme Damaged status Not for loan Collection Home library Current library Shelving location Date acquired Total Checkouts Full call number Barcode Date last seen Copy number Price effective from Koha item type
    Dewey Decimal Classification     Non-Fiction Footprints International School Library Network Toul Kork Campus Footprints International School Library Network Toul Kork Campus A TK Campus, 4th Floor, Room B401, Non-Fiction Bookcases(7-8) 08/27/2025   MAY 629.45 TL789.U5 M394 2025-4268 08/27/2025 1 08/27/2025 Books